Final report on the land revenue settlement of the Patna State, 1937. (Record no. 81569)

MARC details
000 -LEADER
fixed length control field 00786cam a22002531 4500
001 - CONTROL NUMBER
control field sa 68006852
003 - CONTROL NUMBER IDENTIFIER
control field DLC
005 - DATE AND TIME OF LATEST TRANSACTION
control field 20260227112519.0
008 - FIXED-LENGTH DATA ELEMENTS--GENERAL INFORMATION
fixed length control field 711020s1962 ii 000 0 eng
010 ## - LIBRARY OF CONGRESS CONTROL NUMBER
LC control number sa 68006852
025 ## - OVERSEAS ACQUISITION NUMBER
Overseas acquisition number PL480:I-E-8564
040 ## - CATALOGING SOURCE
Original cataloging agency DLC
Transcribing agency DLC
Modifying agency DLC
043 ## - GEOGRAPHIC AREA CODE
Geographic area code a-ii---
050 00 - LIBRARY OF CONGRESS CALL NUMBER
Classification number HJ4387.P3
Item number A53
110 1# - MAIN ENTRY--CORPORATE NAME
Corporate name or jurisdiction name as entry element Patna, India (State)
245 10 - TITLE STATEMENT
Title Final report on the land revenue settlement of the Patna State, 1937.
260 ## - PUBLICATION, DISTRIBUTION, ETC.
Place of publication, distribution, etc. Berhampur,
Name of publisher, distributor, etc. Printed at Sarada Press,
Date of publication, distribution, etc. 1962.
300 ## - PHYSICAL DESCRIPTION
Extent ii, 48, xxx p.
Dimensions 33 cm.
350 ## - PRICE (NR) (BK AM CF MU VM SE) [OBSOLETE]
Price Re0.82
500 ## - GENERAL NOTE
General note "Published by authority."
650 #0 - SUBJECT ADDED ENTRY--TOPICAL TERM
Topical term or geographic name entry element Land value taxation
Geographic subdivision India
-- Patna (State)
650 #0 - SUBJECT ADDED ENTRY--TOPICAL TERM
Topical term or geographic name entry element Land tenure
Geographic subdivision India
-- Patna (State)
650 #0 - SUBJECT ADDED ENTRY--TOPICAL TERM
Topical term or geographic name entry element Agriculture
General subdivision Economic aspects
Geographic subdivision India
-- Patna (State)

No items available.

Powered by Koha